Синтез процессов самоорганизации как условие устойчивого развития общества; Трансформация научных парадигм и коммуникативные практики в информационном социуме

書誌詳細
Parent link:Трансформация научных парадигм и коммуникативные практики в информационном социуме.— 2008.— С. 137-138
第一著者: Латыговская Т. П. Татьяна Петровна
言語:ロシア語
出版事項: 2008
主題:
フォーマット: 図書の章
KOHA link:https://koha.lib.tpu.ru/cgi-bin/koha/opac-detail.pl?biblionumber=165359

MARC

LEADER 00000naa2a2200000 4500
001 165359
005 20231221103220.0
035 |a (RuTPU)RU\TPU\book\179383 
090 |a 165359 
100 |a 20090917d2008 k y0rusy50 ca 
101 0 |a rus 
102 |a RU 
200 1 |a Синтез процессов самоорганизации как условие устойчивого развития общества  |f Т. П. Латыговская 
463 0 |0 (RuTPU)RU\TPU\book\167187  |t Трансформация научных парадигм и коммуникативные практики в информационном социуме  |o сборник научных трудов I Всероссийской научно-практической конференции, Томск, 20-21 октября 2008 г.  |f Томский политехнический университет (ТПУ)  |v С. 137-138  |d 2008  |p 327 с. 
610 1 |a самоорганизация 
610 1 |a организация 
610 1 |a общество 
610 1 |a развитие 
610 1 |a социум 
610 1 |a экономические системы 
610 1 |a социальные системы 
610 1 |a труды учёных ТПУ 
700 1 |a Латыговская  |b Т. П.  |c философ  |c доцент Томского политехнического университета, кандидат философских наук  |f 1958-  |g Татьяна Петровна  |3 (RuTPU)RU\TPU\pers\24672  |9 10935 
801 1 |a RU  |b 63413507  |c 20090917 
942 |c BK